El Pensamiento militar latinoamericano. Fuerzas armadas latinoamericanas y transición a la democracia /

Збережено в:
Бібліографічні деталі
Автор: Castillo Aliaga, Alamiro
Інші автори: Moloeznik, Marcos Pablo
Формат: Текст
Опубліковано: Jalisco: Universidad de Guadalajara
Теги: Додати тег
Немає тегів, Будьте першим, хто поставить тег для цього запису!

MARC

LEADER 00000 a a2200000 04500
001 23115
003
040
020 |a 968-895-346-6  
090 |a 159500  
100 |a Castillo Aliaga, Alamiro  
245 |a El Pensamiento militar latinoamericano. Fuerzas armadas latinoamericanas y transición a la democracia /  |c Alamiro Castillo Aliaga 
260 |a Jalisco:   |b Universidad de Guadalajara  
300 |a 246 p.; VOL. 1  
700 |a Moloeznik, Marcos Pablo  
999 |c 316  |d 316